000 00736cam a22002653a 4500
001 24399
003 PGUSA
005 20140828083524.0
008 080122s2008||||xxu|||||s|||||000 1 eng d
040 _aPGUSA
_beng
042 _adc
050 4 _aPS
100 1 _aMcComas, J. Francis,
_d1911-1978
245 1 0 _aCriminal Negligence
_h[electronic resource] /
_cJ. Francis McComas
260 _bProject Gutenberg,
_c2008
506 _aPublic domain in the USA.
516 _aElectronic text
653 _aScience fiction
653 _aPrisons -- Fiction
653 _aShort stories
700 1 _aFreas, Kelly,
_d1922-2005
830 0 _aProject Gutenberg
_v24399
856 4 0 _uhttp://www.gutenberg.org/ebooks/24399
942 _cEB
999 _c253654
_d253654